| 000 | 00923cam a2200217 4500 | ||
|---|---|---|---|
| 001 | WB3744-26 | ||
| 008 | 011121n2001 000 0 eng u | ||
| 035 | _a(Sirsi) u115656 | ||
| 245 | _aOfficial expert witness code suffers new delay | ||
| 260 | _c2001 | ||
| 490 |
_aSolicitors' Journal _v145(43) 16 November 2001, 1046(1) |
||
| 520 | _aCode of guidance for expert witnesses has been delayed once again. The code was originally proposed as part of Lord Woolf's reforms of the civil courts but the academy of Experts refused to agree the draft code at the last minute. Lord Philips has set a deadline for experts to agree a new code. | ||
| 590 | _aWB | ||
| 650 |
_aEXPERT WITNESS _96239 |
||
| 650 | _aCODE OF GUIDANCE FOR EXPERTS | ||
| 650 | _aEXPERT WITNESS INSTITUTE | ||
| 650 | _aLORD WOOLF | ||
| 650 | _aCIVIL PROCEDURE RULES | ||
| 690 | _aMANAGEMENT-BUSINESS MANAGEMENT-PROFESSIONAL PRACTICE | ||
| 942 | _n0 | ||
| 999 |
_c68880 _d68880 |
||